Wissenschaftliche Politik Eine Einführung in Grundfragen ihrer Tradition und Theorie

में बचाया:
ग्रंथसूची विवरण
मुख्य लेखक: Oberndörfer, Dieter (mitwirkender)
स्वरूप: पुस्तक
भाषा:जर्मन
प्रकाशित: Friburgo de Brisgovia Rombach 1966
संस्करण:2a. ed
विषय:
टैग: टैग जोड़ें
कोई टैग नहीं, इस रिकॉर्ड को टैग करने वाले पहले व्यक्ति बनें!

MARC

LEADER 00000cam a2200000 a 4500
001 UCD4199
003 CL-VaPUC
008 160701e19660000gw |||||||||||||||||ger|d
082 0 4 |a 320.01  |b OBE  |2 21 
100 |a Oberndörfer, Dieter  |e mitwirkender  |9 587827 
245 1 0 |a Wissenschaftliche Politik Eine Einführung in Grundfragen ihrer Tradition und Theorie 
250 |a 2a. ed 
300 |a 428 p 
942 |c BK 
945 |d 20160701 20:49:00  |a dcastane 
260 |a Friburgo de Brisgovia  |b Rombach  |c 1966 
650 7 |a FILOSOFIA POLITICA  |2 CL-VaPUC  |9 587828 
650 7 |a TEORIA POLITICA  |2 CL-VaPUC  |9 587829 
650 0 |a Ciencias Políticas  |9 255201 
583 |a last modification  |c 20160701 20:49:00  |k Rodrigo Vera 
999 |c 365141  |d 365139 
952 |0 0  |1 0  |3 erb  |4 0  |6 320_010000000000000_OBE_1966  |7 0  |8 A  |9 478888  |a FDOHBE  |b FDOHBE  |e Huesbe Llanos, Marco Antonio, 1934-  |i 5308631  |o 320.01 OBE 1966  |p 5308631  |r 2024-01-30  |w 2019-11-24  |y BK  |z Catalogado en:20160701  |k HBE